| 000 | 00582nam a2200169Ia 4500 | ||
|---|---|---|---|
| 003 | IN-BaIIA | ||
| 008 | 211028s9999 xx s 000 0 eng d | ||
| 020 | _a9780819427915 (Print) | ||
| 040 | _cIIA Library | ||
| 100 |
_aZhu, Jing, ed. _941238 |
||
| 245 | 0 |
_a1997 Shanghai International Conference on Laser Medicine and Surgery _h[eBook] |
|
| 260 |
_aWashington, USA _bSPIE _c1998 |
||
| 300 | _aOnline resource | ||
| 490 | _aProceedings of SPIE; V. 3344 | ||
| 856 |
_uhttps://www.spiedigitallibrary.org/conference-proceedings-of-spie/3344 _yClick Here to Access eBook |
||
| 942 | _cEB | ||
| 999 |
_c22612 _d22612 |
||